000 01104nam a22002657a 4500
001 1506
005 20231002085015.0
020 _a9789924340591
040 _aFISKH
_beng
_cFISKH
_dFISKH
082 _a793.3
100 _aLabbe, Lucie
245 _aLa Danse Classique Cambodgienne
_cTexte et illustrations de Lucie Labbé
260 _aPhnom Penh :
_bSipar,
_c2022.
300 _a40 pages :
_bcolor illustrations ;
_c20 cm
490 _aje voudrais savoir
505 _aZ'
520 _aKhmer classical dance will guide you to know related documents of classical dance including lives of dancers, training, gesture, type of dance, characters and worship. Those characteristics brought Khmer classical dance to be listed as a world intangible heritage of humanity in November 2003.
521 _a1000
_bLexile estimate
521 _aZ'
_bRaz-Plus
650 _aរបាំបុរាណ
_vកាយវិកា
_xតួអង្គ​
650 _aDanse Classique
650 _aClassical dance
_vGesture
_xCharacter
700 _aLabbé, Lucie
_cillustrator
942 _2ddc
_cBK
_n0
999 _c1506
_d1506